00606nam a2200169Ia 4500001000700000003000500007008004100012010001100053040000900064100003100073245015600104260004100260300000900301502007500310650002600385650002500411Z_1546CHAP220113s1993 xx 000 0 und d a164634 cCHAP aReyes Reyes, Julio César aAnálisis de crecimiento y fotosíntesis aparente en alfalfa (Medicago sativa L.) en un corte próximo al invierno /cpor Julio César Reyes Reyes aChapingo, Méx. :bEl autor,c1993 a40 h aTesis (Ing. Agr. Esp. en Zootecnia) -- UACH. Departamento de Zootecnia aAlfalfa como forraje  aAlfalfaxRendimiento